1535 1586 1882 1043 1684 1292 1823 1314 1002 1679 1252 1545 1872 1020 1525 1669 1666 1566 1505 1888 1891 1903 1409 1350 1030 1610 1159 1128 1521 1213 1539 1106 1138 1752 1281 1833 1819 1885 1953 1638 1262 1266 1401 1453 1544 1969 1550 1287 1748 1332 1678 1200 1900 1724 1320 1836 1608 1005 1498 1933 1125 1125 1977 1364 1452 1753 1861 1627 1038 1613 1711 1942 1550 1329 1405 1089 1163 1206 1627 1864 1265 1209 1569 1886 1186 1967 1947 1217 1856 1544 1808 1792 1849 1110 1567 1555 1590 1959 1600 BCNSPRNW ULIB Ver.6.0+V

เปลี่ยนเป็นภาษาไทย

Change to English
 แสดงรายละเอียดบรรณานุกรม
  กลับหน้าหลัก

Brief Record : Get Marc (ISO 2709) : E-mail record : QR code < ปิดหน้าต่าง
LEADER : 00000nam 2200000uu 4500
001    13399110136
003     ULIB
008    110422s2552||||th 000 0 tha d
024    9786110600866
090    นว^bส966P 2552
100 0  แสตมป์เบอร์รี่
245     Psycho & the zist จังหวะรักร้ายหวานใจเจ้าเสน่ห์^cแสตมป์เบอร์รี่
260    กรุงเทพฯ:^bแจ่มใส,^c2552
300    210 หน้า
945    ^p159^l0^i029995
995    เกษร
999     ^aใช้งานได้ทุกระบบ
รายการนี้ยังไม่มีแท็ก
คุณยังไม่ได้ล็อกอิน คุณสามารถมีกิจกรรมร่วมกับเว็บไซต์ได้ แต่ต้องล็อกอินก่อน ::
  ล็อกอิน

รายการสื่อสารสนเทศ

ลำดับที่ ประเภท เลขเรียก/บาร์โค้ด สถานที่ สถานะ
1. นวนิยาย
นวนิยาย
นว ส966P 2552  
  Barcode: 029995
ห้องสมุดวิทยาเขตสวรรค์ประชารักษ์
►นวนิยาย
บนชั้น
  ขอยืม

BibComment


ยังไม่เคยถูกคอมเมนท์

คอมเมนท์ทรัพยากรรายการนี้
  คอมเมนท์: Psycho the zist..


 Copyright 2026. Bcnsprnw @Library